000 00735nam a2200241Ia 4500
005 20260430150608.0
008 008 250103s9999 xx 000 0 eng d
037 _aTheses
040 _aCRL
040 _beng
040 _ceng
041 _2eng
041 _aeng
084 _qCRL
100 _aRishikesh Krishan Laxmi Au.; Sehgal Neeta Gu.
_91237954
245 0 _aEnvironmental DNA (eDNA) Analysis for Monitoring the Distribution Pattern of Fish and Macroinvertebrates in the Pranmati Stream, Uttarakhand, North-West Himalaya
260 _c2024
300 _a98p.
650 _aZoology
700 _aUniversity of Delhi. Faculty of Science. Deptt. of Zoology
_91237953
942 _cTH
999 _c1850165
_d1850165